00579nam a22002057a 450000500170000001000130001702000100003003500130004003700160005304000120006908200170008124500780009826000270017627000500020330000310025350000200028465000280030465000200033270000210035220170124110042.0 aA-759044 c00.00 aA-759044 bCen Lib/Ret aDPLbEN a791.437bFRA aFrames of mind :cedited by Aruna Vasudevbreflections on Indian cinema / aNew DelhibUBSPDc1995 bNew Delhia5, Ansari Road, Darya Ganje110002 axii,324p.:c22cm(Hb)bill. aIncludes index  aMotion picture industry aMotion pictures a Vasudev, Aruna